[Event "Tournoi Skype 031B"]
[Site "Skype"]
[Date "????.??.??"]
[Round "8.18"]
[White "Ruiz Gomez, Luz Alba"]
[Black "Guillaume, Mickael"]
[Result "1/2-1/2"]
[WhiteElo "1201"]
[BlackElo "1126"]
[PlyCount "86"]

1. d4 e6 2. Bf4 Nf6 3. e3 d5 4. Nd2 Bd6 5. Bg3 Nbd7 6. Ngf3 O-O 7. Bd3 b6 8.
O-O Re8 9. Ne5 Bb7 10. c3 Nf8 11. Bb5 N6d7 12. Qa4 Re7 13. Bc6 Qc8 14. Bxb7
Qxb7 15. Nc6 Ree8 16. Ne5 Bxe5 17. Bxe5 Nxe5 18. dxe5 c6 19. Qf4 Nd7 20. Nf3
Qb8 21. Rad1 f6 22. exf6 Qxf4 23. exf4 gxf6 24. Rfe1 Nc5 25. Nd4 Rac8 26. f5
Kf7 27. fxe6+ Nxe6 28. Nf3 Nc5 29. Nh4 Ne4 30. Nf5 Re6 31. f3 Nd6 32. Nd4 Rxe1+
33. Rxe1 c5 34. Ne2 Re8 35. Kf2 Nf5 36. Rd1 Ne3 37. Rd3 Nxg2 38. Rxd5 Kg6 39.
Rd2 Nh4 40. Nf4+ Kg5 41. Nd5 Nf5 42. Rd1 Kg6 43. Rg1+ Kf7 1/2-1/2

[Event "Tournoi Skype 031B"]
[Site "Skype"]
[Date "????.??.??"]
[Round "8.20"]
[White "Balci Gungor, Ayca"]
[Black "Prieto Umba, Jairo Ovidio"]
[Result "0-1"]
[WhiteElo "1145"]
[BlackElo "1317"]
[PlyCount "56"]

1. e4 e5 2. Bc4 Nc6 3. Nf3 f5 4. d3 Bc5 5. O-O h6 6. Nbd2 Nf6 7. exf5 d5 8. Bb3
Bxf5 9. Re1 Qd6 10. Re2 O-O-O 11. Nxe5 Nxe5 12. Nf3 Nxf3+ 13. gxf3 Rhe8 14. d4
Bb6 15. Ba4 Rxe2 16. Qxe2 Bxd4 17. c3 Be5 18. Bd2 Bxh2+ 19. Kh1 c6 20. Re1 Re8
21. Be3 Bf4 22. Bc2 Bxc2 23. Qxc2 Bxe3 24. fxe3 Qg3 25. Qf5+ Kc7 26. Re2 Re5
27. Qf4 Qxf4 28. exf4 Rxe2 0-1

[Event "Tournoi Skype 031B"]
[Site "Skype"]
[Date "????.??.??"]
[Round "8.22"]
[White "Reese, Evan"]
[Black "Barrera Mendoza, Carlos"]
[Result "0-1"]
[WhiteElo "1114"]
[BlackElo "1240"]
[PlyCount "36"]

1. e4 e5 2. Nc3 Nc6 3. Bc4 Nf6 4. Nf3 Nxe4 5. Nxe4 d5 6. Bxd5 Qxd5 7. d3 Bg4 8.
O-O Be7 9. Be3 O-O 10. c4 Qe6 11. b3 Rad8 12. Qe2 b6 13. Bg5 f5 14. Bxe7 Qxe7
15. Rad1 Nd4 16. Qe3 fxe4 17. Qxe4 Nxf3+ 18. gxf3 Bxf3 0-1

[Event "Tournoi Skype 031B"]
[Site "Skype"]
[Date "????.??.??"]
[Round "8.24"]
[White "Jimenez Del Rosario, Alsis Raynely"]
[Black "Rodriguez, Nathalie"]
[Result "1-0"]
[WhiteElo "1093"]
[BlackElo "1224"]
[PlyCount "67"]

1. b3 d5 2. Bb2 Nf6 3. Nf3 h6 4. e3 Bf5 5. Nc3 e6 6. Be2 Nc6 7. O-O Bc5 8. d4
Be7 9. Bb5 O-O 10. Bxc6 bxc6 11. Ne5 Ng4 12. Nxc6 Qd6 13. Ne5 Nxe5 14. dxe5
Qxe5 15. Nxd5 Qxd5 16. Qxd5 exd5 17. Rad1 Rad8 18. a4 Bxc2 19. Rc1 Bxb3 20.
Rxc7 Bxa4 21. Rxe7 Bb5 22. Rb1 f6 23. Rxa7 Bd3 24. Rd1 Bc2 25. Rd2 Rc8 26. Rxd5
Rc4 27. h3 Rfc8 28. Rdd7 Bf5 29. Rxg7+ Kh8 30. Bxf6 Rc1+ 31. Kh2 Rf1 32. f3
Rcc1 33. Rgd7+ Kg8 34. Rd8# 1-0

[Event "Tournoi Skype 031B"]
[Site "Skype"]
[Date "????.??.??"]
[Round "8.25"]
[White "Huerta Lopez, Cesar Rogelio"]
[Black "Mira Poveda, Jose Antonio"]
[Result "1/2-1/2"]
[WhiteElo "1207"]
[BlackElo "1154"]
[PlyCount "47"]

1. e4 e5 2. Bc4 Nf6 3. d3 d5 4. exd5 Nxd5 5. Nf3 Nc6 6. Bb5 Bd7 7. Bxc6 Bxc6 8.
Nxe5 Qe7 9. Qe2 Nb4 10. O-O Nxc2 11. Qxc2 Bd5 12. d4 f6 13. Re1 fxe5 14. Rxe5
Be6 15. d5 O-O-O 16. Bg5 Qd6 17. Bf4 g6 18. Nc3 Bd7 19. Ne4 Qb6 20. Be3 Qa5 21.
Bd2 Qb6 22. Be3 Qa5 23. Bd2 Qb6 24. Be3 1/2-1/2

[Event "Tournoi Skype 031B"]
[Site "Skype"]
[Date "????.??.??"]
[Round "8.26"]
[White "Torres, Vicky"]
[Black "Radice, Marco"]
[Result "1-0"]
[WhiteElo "1091"]
[BlackElo "1198"]
[PlyCount "23"]

1. Nc3 Nf6 2. d4 g6 3. e4 d6 4. e5 dxe5 5. dxe5 Ng4 6. Qxd8+ Kxd8 7. Nf3 Bg7 8.
Bf4 Nc6 9. O-O-O+ Ke8 10. Bb5 Kf8 11. Bxc6 Nxf2 12. Rd8# 1-0

[Event "Tournoi Skype 031B"]
[Site "Skype"]
[Date "????.??.??"]
[Round "8.27"]
[White "Alarcon Alarcon, Marina"]
[Black "Hernandez Lopez, Joaquin"]
[Result "1-0"]
[WhiteElo "1196"]
[BlackElo "1066"]
[PlyCount "65"]

1. e4 e5 2. Nf3 Nc6 3. Bc4 Nf6 4. Nc3 Bc5 5. h3 O-O 6. d3 h6 7. O-O a6 8. a3
Re8 9. Nd5 b5 10. Nxf6+ Qxf6 11. Ba2 Nd4 12. c3 Nxf3+ 13. Qxf3 Qxf3 14. gxf3 d6
15. Kg2 Be6 16. Bxe6 Rxe6 17. b4 Rg6+ 18. Kh2 Bb6 19. a4 c6 20. Be3 Bd8 21. Rg1
Bh4 22. Rxg6 fxg6 23. Kg2 g5 24. c4 Rf8 25. axb5 cxb5 26. Rxa6 bxc4 27. dxc4
Rd8 28. b5 Kf7 29. b6 Kg6 30. b7 Rb8 31. Rxd6+ Kh5 32. Rd7 Kg6 33. Ba7 1-0

[Event "Tournoi Skype 031B"]
[Site "Skype"]
[Date "????.??.??"]
[Round "8.28"]
[White "Busto, Ricardo"]
[Black "Tolaro, Filippa"]
[Result "1/2-1/2"]
[WhiteElo "1194"]
[BlackElo "1048"]
[PlyCount "63"]

1. Nf3 Nf6 2. g3 d5 3. d4 Bg4 4. Bg2 e6 5. c4 Bb4+ 6. Bd2 Bxd2+ 7. Nfxd2 Nc6 8.
f3 Bf5 9. Qa4 O-O 10. cxd5 Qxd5 11. e4 Qxd4 12. Qxd4 Nxd4 13. Na3 Bg6 14. O-O
h6 15. Rf2 a6 16. Nac4 Nd7 17. f4 Nc5 18. Ne5 Nc2 19. Rc1 Nd3 20. Nxd3 Ne3 21.
Bf3 c6 22. Re2 Nd5 23. Ne5 Nb4 24. Nxg6 fxg6 25. Bg4 Rae8 26. a3 Nd3 27. Rc2 h5
28. Bh3 c5 29. Nf3 b5 30. Rcd2 c4 31. Nd4 Nc1 32. Rf2 1/2-1/2

[Event "Tournoi Skype 031B"]
[Site "Skype"]
[Date "????.??.??"]
[Round "8.29"]
[White "Conde, Ramon"]
[Black "Vasquez Donaire, Ivis Godofredo"]
[Result "1-0"]
[WhiteElo "1186"]
[BlackElo "1000"]
[PlyCount "39"]

1. Nf3 Nc6 2. b3 e5 3. Bb2 Nf6 4. Nxe5 d6 5. Nf3 Be7 6. e3 O-O 7. d3 Bg4 8.
Nbd2 h6 9. h3 Bd7 10. Be2 a6 11. Rg1 Na5 12. g4 Qc8 13. g5 hxg5 14. Nxg5 Bxh3
15. Rg3 Bg4 16. Bxg4 Nxg4 17. Rxg4 f5 18. Rg1 Qe8 19. Ne6 Rf7 20. Nxg7 1-0

[Event "Tournoi Skype 031B"]
[Site "Skype"]
[Date "????.??.??"]
[Round "8.31"]
[White "Barba Cepeda, Julio Cesar"]
[Black "Vargas, Elvin"]
[Result "1-0"]
[WhiteElo "1173"]
[BlackElo "1000"]
[PlyCount "23"]

1. e4 e5 2. Nf3 Nc6 3. Bc4 Nf6 4. d3 Bc5 5. c3 b6 6. O-O O-O 7. d4 exd4 8. cxd4
Nxe4 9. dxc5 Nxc5 10. Nc3 d5 11. Bxd5 Re8 12. Bxc6 1-0

[Event "Tournoi Skype 031B"]
[Site "Skype"]
[Date "????.??.??"]
[Round "8.33"]
[White "Marin Gomez, Ian Javier"]
[Black "Luna Perez Vico, Lorenzo"]
[Result "0-1"]
[WhiteElo "1000"]
[BlackElo "1341"]
[PlyCount "94"]

1. e4 c5 2. b3 d5 3. exd5 Qxd5 4. Bb2 Qe4+ 5. Be2 Qxg2 6. Bf3 Qg6 7. Nc3 a6 8.
Be4 Qd6 9. Qf3 Nc6 10. O-O-O Nf6 11. Nge2 Nd4 12. Nxd4 cxd4 13. Nd5 Nxd5 14.
Bxd5 e6 15. Rhe1 Be7 16. Be4 Rb8 17. Rg1 Bf6 18. Rde1 Qb6 19. Bd5 Qc7 20. Re2
b5 21. Rge1 Rb6 22. Qd3 Qc5 23. Qf5 Kf8 24. Re4 Qxd5 25. Qxd5 Bb7 26. Qd7 g6
27. R4e2 Kg7 28. Bxd4 Bc8 29. Qe7 Bxd4 30. Qc7 Rb7 31. Qf4 Bf6 32. Re3 g5 33.
Qd6 Rd7 34. Qc6 Rhd8 35. Rd3 Rxd3 36. cxd3 b4 37. Re4 a5 38. Qa4 Rd5 39. Rc4
Bd7 40. Rc6 Bxc6 41. Qxc6 Rxd3 42. Qb5 Rd5 43. Qa4 Rc5+ 44. Kb1 Rd5 45. Kc1 Be7
46. Qe8 Bf6 47. Qa8 Bd8 0-1

[Event "Tournoi Skype 031B"]
[Site "Skype"]
[Date "????.??.??"]
[Round "8.35"]
[White "Rivalta, Paolo"]
[Black "Skura, Simone"]
[Result "1-0"]
[WhiteElo "1143"]
[BlackElo "1000"]
[PlyCount "41"]

1. e4 e5 2. Nf3 Nc6 3. Bc4 Nf6 4. Ng5 d5 5. exd5 Nxd5 6. Nxf7 Kxf7 7. Qf3+ Ke6
8. Nc3 Nce7 9. d4 exd4 10. Qe4+ Kd6 11. Nxd5 Kc5 12. Nxe7 Bxe7 13. Bb3 Qd6 14.
Bf4 Qf6 15. Qd5+ Kb6 16. Bd2 Bc5 17. O-O Bf5 18. Ba5+ Kb5 19. a4+ Kxa5 20.
Qxc5+ Ka6 21. Qb5# 1-0

[Event "Tournoi Skype 031B"]
[Site "Skype"]
[Date "????.??.??"]
[Round "8.36"]
[White "Borg, Anthony"]
[Black "Marroquin Mayhua, Silvia"]
[Result "1-0"]
[WhiteElo "1297"]
[BlackElo "1000"]
[PlyCount "115"]

1. d4 Nf6 2. Nc3 d5 3. Bf4 Bf5 4. Nf3 Nc6 5. e3 e6 6. h3 Nb4 7. Bb5+ c6 8. Ba4
Be7 9. a3 Na6 10. Nh4 b5 11. Bb3 Nh5 12. Nxf5 exf5 13. Be5 Nf6 14. Qf3 Qd7 15.
O-O Rg8 16. Rfe1 O-O-O 17. Bxf6 Bxf6 18. Rad1 Rde8 19. e4 fxe4 20. Qe3 g5 21.
Ne2 g4 22. hxg4 Rxg4 23. Kf1 Reg8 24. g3 R4g6 25. Ng1 Qe6 26. Ke2 Bg5 27. Qc3
Qg4+ 28. Kf1 Kd7 29. Bxd5 cxd5 30. Qa5 Nc7 31. c4 bxc4 32. Qxa7 Re8 33. Qa4+
Kc8 34. b3 cxb3 35. Qxb3 Rh6 36. Rb1 Kd7 37. Qa4+ Ke6 38. Qc6+ Ke7 39. Qxc7+
Kf8 40. Rb7 Qe6 41. Reb1 Qe7 42. Qa5 Qd8 43. Qc5+ Kg8 44. Rb8 Be7 45. Qa7 Qxb8
46. Rxb8 Rxb8 47. Qxb8+ Kg7 48. Qe5+ Bf6 49. Qxd5 Be7 50. Qxe4 Bxa3 51. Qg4+
Rg6 52. Qf3 Bd6 53. Qc6 Bb4 54. Qc4 Ba5 55. Nf3 Bd8 56. Ne5 Rb6 57. Qxf7+ Kh8
58. Qf8# 1-0

[Event "Tournoi Skype 031B"]
[Site "Skype"]
[Date "????.??.??"]
[Round "8.37"]
[White "Abate, Luigi"]
[Black "Hargez, Dany"]
[Result "0-1"]
[WhiteElo "1066"]
[BlackElo "1296"]
[PlyCount "52"]

1. e4 e5 2. Nf3 d6 3. Bc4 Bg4 4. O-O Nf6 5. Nc3 Be7 6. d3 O-O 7. Be3 Nc6 8. a3
Nd4 9. Bxd4 exd4 10. Nd5 c6 11. Nxe7+ Qxe7 12. c3 d5 13. Bb3 dxe4 14. Re1 dxc3
15. bxc3 Rae8 16. Bc2 Qc5 17. dxe4 Qxc3 18. Re3 Qe5 19. Qe2 Qxa1+ 20. Bd1 Qe5
21. Qc4 Bxf3 22. Bxf3 Qa1+ 23. Qf1 Qe5 24. g3 Re6 25. Qc4 b5 26. Bg2 bxc4 0-1

[Event "Tournoi Skype 031B"]
[Site "Skype"]
[Date "????.??.??"]
[Round "8.38"]
[White "Codina, Teresa"]
[Black "Maccaferri, Massimo"]
[Result "1-0"]
[WhiteElo "1274"]
[BlackElo "1052"]
[PlyCount "61"]

1. d4 e5 2. dxe5 Nc6 3. Nf3 Qe7 4. e6 dxe6 5. e3 g5 6. Bb5 Bd7 7. a4 Bg7 8. c3
g4 9. Nd4 e5 10. Nxc6 bxc6 11. Be2 h5 12. g3 Rb8 13. Qc2 a5 14. e4 Nf6 15. Nd2
Be6 16. f3 gxf3 17. Bxf3 c5 18. c4 Bh6 19. Rb1 Rb4 20. b3 Qd7 21. Ba3 Rb8 22.
Rd1 Qc6 23. O-O Bh3 24. Rfe1 Bg5 25. Bg2 Bg4 26. Nf3 h4 27. Nxe5 Qe6 28. Nxg4
Qxg4 29. Rd3 Nxe4 30. Rxe4+ Qxe4 31. Bxe4 1-0

[Event "Tournoi Skype 031B"]
[Site "Skype"]
[Date "????.??.??"]
[Round "8.39"]
[White "Cengiz, Ali Ekber"]
[Black "Baker, Abi"]
[Result "1-0"]
[WhiteElo "1266"]
[BlackElo "1067"]
[PlyCount "103"]

1. e4 d5 2. exd5 Qxd5 3. Nc3 Qa5 4. Nf3 Nf6 5. d3 Bg4 6. Be2 Nc6 7. O-O O-O-O
8. Be3 h5 9. a3 e6 10. b4 Bxb4 11. axb4 Qxb4 12. Na4 Ne4 13. Bd2 Qe7 14. dxe4
f5 15. e5 g5 16. Qe1 f4 17. c3 h4 18. Bc1 h3 19. g3 Bh5 20. Ba3 Qh7 21. Nxg5
Qg6 22. Nxh3 Qf5 23. Nxf4 Qxe5 24. Bxh5 Qxe1 25. Rfxe1 e5 26. Bg4+ Kb8 27. Ne6
Rdg8 28. h3 Rg6 29. Nec5 Ka8 30. Rab1 b6 31. Na6 Rh7 32. Bf3 Rxh3 33. Bxc6+
Rxc6 34. Rxe5 Rch6 35. Kg2 Rh2+ 36. Kf3 Rf6+ 37. Ke4 Rhxf2 38. Nxc7+ Kb7 39.
Nd5 Re2+ 40. Ne3 Rg6 41. Bc5 Rg4+ 42. Kd3 Rxa4 43. Kxe2 Ra2+ 44. Kd3 Ra5 45.
Nc4 Ra6 46. g4 Kc6 47. Bb4 b5 48. Rc5+ Kb7 49. Rxb5+ Kc6 50. Rc5+ Kb7 51. Ba5+
Ka8 52. Rc8# 1-0

[Event "Tournoi Skype 031B"]
[Site "Skype"]
[Date "????.??.??"]
[Round "8.40"]
[White "Chamorro Cajina, Ivan Antonio"]
[Black "Bucherie, Volcy"]
[Result "1-0"]
[WhiteElo "1045"]
[BlackElo "1264"]
[PlyCount "49"]

1. e4 c6 2. d4 d5 3. Nc3 dxe4 4. Nxe4 Bf5 5. Nc5 b6 6. Nb3 e6 7. Bc4 Nf6 8. Nf3
Be7 9. O-O O-O 10. Be3 Nbd7 11. Ne5 c5 12. Nxd7 Nxd7 13. Qf3 Rc8 14. Ba6 Rc7
15. Bf4 cxd4 16. Bxc7 Qxc7 17. Nxd4 Bxc2 18. Rac1 Qc5 19. Nxc2 Qe5 20. Ne3 Qxb2
21. Rc8 Qxa2 22. Rxf8+ Kxf8 23. Qa8+ Nb8 24. Qxb8+ Bd8 25. Qxd8# 1-0

[Event "Tournoi Skype 031B"]
[Site "Skype"]
[Date "????.??.??"]
[Round "8.43"]
[White "Gomez Zuluaga, Jorge Adiel"]
[Black "Grib, Jessica"]
[Result "0-1"]
[WhiteElo "1161"]
[BlackElo "1012"]
[PlyCount "36"]

1. Nf3 e6 2. e3 c5 3. c4 Nf6 4. Nc3 a6 5. Be2 d5 6. d4 Nbd7 7. O-O Bd6 8. cxd5
exd5 9. dxc5 Nxc5 10. Nxd5 Ng4 11. b4 Bxh2+ 12. Nxh2 Ne4 13. Nxg4 Qh4 14. Nc7+
Ke7 15. Nxa8 Bf5 16. Nb6 Nc3 17. Qc2 Bxc2 18. Ne5 Nxe2# 0-1

[Event "Tournoi Skype 031B"]
[Site "Skype"]
[Date "????.??.??"]
[Round "8.44"]
[White "Lecluyse, Koenraad"]
[Black "Achicanoy, Yolanda"]
[Result "0-1"]
[WhiteElo "1096"]
[BlackElo "1000"]
[PlyCount "40"]

1. d4 d5 2. Nf3 Nc6 3. c3 Bf5 4. Bf4 e6 5. e3 Nf6 6. Nbd2 Be7 7. Bb5 O-O 8.
Bxc6 bxc6 9. O-O Bd3 10. Re1 Bf5 11. Ne5 Qe8 12. c4 Rd8 13. Qa4 Rd6 14. Qxa7
Ng4 15. c5 Rd8 16. Qxc7 Rc8 17. Qa5 Bh4 18. Nxg4 Bxg4 19. g3 Bd8 20. Bd6 Bxa5
0-1

[Event "Tournoi Skype 031B"]
[Site "Skype"]
[Date "????.??.??"]
[Round "8.45"]
[White "Alcaraz Acosta, Luisa Montserrat"]
[Black "Montilla Bejarano, Mey"]
[Result "0-1"]
[WhiteElo "1000"]
[BlackElo "1088"]
[PlyCount "30"]

1. e4 d5 2. e5 d4 3. Nf3 Nc6 4. Bc4 Bg4 5. h3 Bh5 6. d3 Nxe5 7. Bb3 Nxf3+ 8.
gxf3 Qd6 9. Nd2 Nf6 10. Nf1 Qc6 11. Qd2 Bxf3 12. Rg1 Bg2 13. Ng3 e6 14. f4 Bf3
15. a3 Bd6 0-1

[Event "Tournoi Skype 031B"]
[Site "Skype"]
[Date "????.??.??"]
[Round "8.46"]
[White "Mfengu, Daluthando"]
[Black "Baratta, Giuseppe"]
[Result "1-0"]
[WhiteElo "1082"]
[BlackElo "1000"]
[PlyCount "58"]

1. e4 e5 2. Nf3 Nc6 3. c3 Bc5 4. Bc4 d6 5. h3 Nge7 6. Ng5 Ng6 7. Nxf7 Qe7 8.
Nxh8 Qf6 9. O-O Be6 10. Nxg6 Bxc4 11. d3 Bb5 12. Nh8 O-O-O 13. b4 Bb6 14. a4
Ba6 15. b5 Na5 16. bxa6 bxa6 17. Qg4+ Kb8 18. Bg5 Qf8 19. Bxd8 Qxd8 20. Qxg7
Nb3 21. Nf7 Qd7 22. Ra2 Nc5 23. a5 Ne6 24. Qxh7 Bc5 25. Rb2+ Kc8 26. Qg8+ Nd8
27. Nxd8 Qxd8 28. Qg4+ Qd7 29. Rb8+ Kxb8 1-0

[Event "Tournoi Skype 031B"]
[Site "Skype"]
[Date "????.??.??"]
[Round "8.47"]
[White "Bland, Marilyn"]
[Black "Fuentes, Francisco"]
[Result "0-1"]
[WhiteElo "1077"]
[BlackElo "1000"]
[PlyCount "60"]

1. d4 d5 2. Nf3 Nf6 3. e3 g6 4. Be2 Bg7 5. O-O O-O 6. c3 c6 7. Nbd2 Bf5 8. Ne5
Be6 9. Ndf3 Ne4 10. Ng5 Nxg5 11. Bd2 Ne4 12. Bf3 Nxd2 13. Qxd2 Nd7 14. Ng4 Bf5
15. Rac1 h5 16. Ne5 Nxe5 17. dxe5 Bxe5 18. c4 dxc4 19. Qxd8 Rfxd8 20. Rxc4 Rd2
21. Rc5 Bxb2 22. e4 Be6 23. a4 Ba3 24. Rc3 Bb2 25. Rc5 Bb3 26. a5 Bd4 27. Rcc1
Be6 28. Rb1 b5 29. axb6 axb6 30. Rb5 cxb5 0-1

[Event "Tournoi Skype 031B"]
[Site "Skype"]
[Date "????.??.??"]
[Round "8.48"]
[White "Bolanos Ocampo, Sandra"]
[Black "Trapletti, Cosetta"]
[Result "1-0"]
[WhiteElo "1000"]
[BlackElo "1138"]
[PlyCount "93"]

1. e4 d6 2. d4 Nf6 3. Nf3 c5 4. Nc3 Nc6 5. Be3 e5 6. Nd5 Be6 7. c3 Nxd5 8. exd5
Bxd5 9. c4 Be4 10. Bd3 Bxf3 11. Qxf3 Qe7 12. d5 Nb4 13. Be2 Nc2+ 14. Kd2 Nxa1
15. Rxa1 g6 16. Ke1 Bg7 17. Kf1 e4 18. Qg4 Bxb2 19. Rb1 Bg7 20. Qh3 Qf6 21.
Rxb7 O-O 22. Bd1 Rfe8 23. Ba4 Re7 24. Rb1 Qc3 25. Rc1 Qd3+ 26. Kg1 Rb8 27. Bc2
Qxc4 28. Qh4 Ree8 29. Bxe4 Qxa2 30. g3 f6 31. Re1 Qa5 32. Rf1 f5 33. Bd3 Rb3
34. Bc2 Rb4 35. Bd2 Rxh4 36. Bxa5 Ra4 37. Bxa4 Re5 38. Bb3 Re2 39. Bc4 Rc2 40.
Bb5 c4 41. Bd8 h6 42. Be7 Rb2 43. Bxc4 a5 44. Bxd6 Rb6 45. Bc5 Rb8 46. d6+ Kf8
47. d7# 1-0

[Event "Tournoi Skype 031B"]
[Site "Skype"]
[Date "????.??.??"]
[Round "8.49"]
[White "Farfallini, Michel"]
[Black "Schnell, Nicolas"]
[Result "0-1"]
[WhiteElo "1446"]
[BlackElo "1035"]
[PlyCount "50"]

1. e4 e5 2. Nf3 Nc6 3. Bb5 Nf6 4. d3 Bc5 5. Bg5 d5 6. Bxc6+ bxc6 7. Nbd2 Qd7 8.
Nxe5 Qe6 9. Nef3 dxe4 10. O-O Bd6 11. Nxe4 Nxe4 12. Re1 O-O 13. Rxe4 Qd7 14.
Qe2 Bb7 15. Bh4 c5 16. Re3 Qg4 17. Bg3 Qg6 18. d4 cxd4 19. Nxd4 Bxg3 20. Rxg3
Qb6 21. Nf5 Qxb2 22. Re1 Qf6 23. Rxg7+ Kh8 24. Qh5 h6 25. Qg6 fxg6 0-1

[Event "Tournoi Skype 031B"]
[Site "Skype"]
[Date "????.??.??"]
[Round "8.50"]
[White "Bosetti, Giancarlo"]
[Black "Colangelo, Michele"]
[Result "0-1"]
[WhiteElo "1000"]
[BlackElo "1108"]
[PlyCount "68"]

1. e4 c5 2. Nf3 d6 3. d4 cxd4 4. Nxd4 e5 5. Nf3 Nf6 6. Nc3 Bg4 7. h3 Bh5 8. Be2
Bg6 9. Bg5 Be7 10. Nd5 Nxe4 11. Bxe7 Qa5+ 12. Qd2 Qxd2+ 13. Kf1 Qxd5 14. Rd1
Qa5 15. Bxd6 Nxd6 16. Rxd6 O-O 17. a3 Rd8 18. Rd1 Rxd1+ 19. Bxd1 Nc6 20. g3 Be4
21. Kg2 Bxf3+ 22. Bxf3 Rd8 23. c3 h6 24. Re1 Nd4 25. Bxb7 Nc2 26. Re2 Rb8 27.
Rxc2 Rxb7 28. Rd2 e4 29. h4 f5 30. Kf1 Rb8 31. Kg2 Rd8 32. Re2 Qd5 33. Re1 e3+
34. Kf1 Qh1+ 0-1

[Event "Tournoi Skype 031B"]
[Site "Skype"]
[Date "????.??.??"]
[Round "8.52"]
[White "Ortis, Yves"]
[Black "Gerbaux, Regis"]
[Result "0-1"]
[WhiteElo "1147"]
[BlackElo "1024"]
[PlyCount "74"]

1. d4 e5 2. d5 Qe7 3. e4 Nf6 4. Nc3 Qb4 5. a3 Qa5 6. Bd2 c6 7. Be2 cxd5 8. exd5
Nxd5 9. Nxd5 Qxd5 10. c4 Qxg2 11. Bf3 Qg6 12. Ne2 Qd3 13. Bd5 Nc6 14. Nc1 Qg6
15. Be3 Bd6 16. c5 Bc7 17. Qe2 O-O 18. Nd3 e4 19. Nf4 Qf5 20. O-O-O Bxf4 21.
Rdf1 Bxe3+ 22. fxe3 Qxd5 23. Rd1 Qxc5+ 24. Kb1 d6 25. h4 Be6 26. Rc1 Qd5 27.
Rc3 Rac8 28. Rd1 Qa2+ 29. Kc2 Nb4+ 30. Kd2 Qxb2+ 31. Ke1 Qxc3+ 32. Kf2 Nd3+ 33.
Kg3 Qe5+ 34. Kg2 f5 35. h5 f4 36. Kh1 fxe3 37. Rg1 Nf2+ 0-1

[Event "Tournoi Skype 031B"]
[Site "Skype"]
[Date "????.??.??"]
[Round "8.53"]
[White "Cassano, Mariangela"]
[Black "Bondone, Silvestre"]
[Result "0-1"]
[WhiteElo "1000"]
[BlackElo "1000"]
[PlyCount "80"]

1. Nf3 e6 2. d4 b6 3. e3 Bb4+ 4. c3 Bd6 5. Be2 Nf6 6. O-O Ne4 7. c4 Qf6 8. Bd3
Bb7 9. Nbd2 Qh6 10. Nxe4 Be7 11. Nc3 Nc6 12. e4 Qh5 13. d5 Nd8 14. Nb5 c6 15.
Nc7+ Kf8 16. Nxa8 Bxa8 17. Qc2 Bc5 18. a3 Rg8 19. Bd2 f6 20. Rfe1 g5 21. h3 g4
22. hxg4 Rxg4 23. Kf1 Qh1+ 24. Ke2 Qxg2 25. Bh6+ Kf7 26. Rg1 Qxf2+ 27. Kd1
Qxf3+ 28. Kd2 Qf2+ 29. Be2 Rxg1 30. Rxg1 Qxg1 31. Qc1 Qd4+ 32. Bd3 cxd5 33.
exd5 e5 34. Qd1 e4 35. Qh5+ Ke7 36. Qf5 Qxd3+ 37. Kc1 Be3+ 38. Bxe3 Qxe3+ 39.
Kc2 Bb7 40. Qxh7+ Nf7 0-1

[Event "Tournoi Skype 031B"]
[Site "Skype"]
[Date "????.??.??"]
[Round "8.54"]
[White "Gagnon, Sindy"]
[Black "Lai, Mattia"]
[Result "0-1"]
[WhiteElo "1000"]
[BlackElo "1000"]
[PlyCount "84"]

1. e4 d5 2. Nc3 Nf6 3. exd5 Nxd5 4. Bc4 Nf6 5. Nf3 Bf5 6. h3 Nbd7 7. O-O e6 8.
d4 Be7 9. Qd2 c6 10. Ne2 Ne4 11. Qd3 Ndf6 12. Nf4 Bd6 13. Re1 Bxf4 14. Bxf4 Nh5
15. Bg5 Nxg5 16. Qc3 Be4 17. Ne5 O-O 18. a3 Nxh3+ 19. gxh3 Qg5+ 20. Ng4 Nf4 21.
Rxe4 Nxh3+ 22. Kh2 Qh4 23. Qg3 Qxg3+ 24. Kxg3 Ng5 25. b4 Nxe4+ 26. Kf4 Nc3 27.
d5 e5+ 28. Nxe5 Rae8 29. Nd7 Re4+ 30. Kf5 g6+ 31. Kf6 Rfe8 32. Bd3 Rf4+ 33. Kg5
Nxd5 34. Kh6 Rh4+ 35. Kg5 Rh2 36. Rf1 h6+ 37. Kg4 f5+ 38. Kf3 Rh3+ 39. Kg2 Nf4+
40. Kg1 Re2 41. Bc4+ Kg7 42. Be6 Rxe6 0-1

[Event "Tournoi Skype 031B"]
[Site "Skype"]
[Date "????.??.??"]
[Round "8.55"]
[White "Molina, Maria Lucia"]
[Black "Micocci, Lucia"]
[Result "1-0"]
[WhiteElo "1000"]
[BlackElo "1000"]
[PlyCount "58"]

1. e4 e5 2. Nf3 Nc6 3. Bc4 Bc5 4. O-O Nf6 5. Nc3 d6 6. Ng5 h6 7. Nf3 Bg4 8. d3
O-O 9. h3 Bh5 10. Na4 Bb6 11. g4 Bxg4 12. hxg4 Nxg4 13. Nxb6 cxb6 14. c3 Qd7
15. d4 Nf6 16. d5 Nxe4 17. dxc6 Qxc6 18. Qd5 Qxd5 19. Bxd5 Nf6 20. Bxb7 Rab8
21. Ba6 Rbe8 22. Bb5 Re7 23. Re1 e4 24. Nd4 Nd5 25. Nc6 Rc7 26. Rxe4 Nf6 27.
Rf4 Nd5 28. Rf5 Ne7 29. Nxe7+ Rxe7 1-0

[Event "Tournoi Skype 031B"]
[Site "Skype"]
[Date "????.??.??"]
[Round "8.57"]
[White "Carias, Nancy"]
[Black "Alverson, Ginny"]
[Result "1/2-1/2"]
[WhiteElo "1000"]
[BlackElo "1000"]
[PlyCount "92"]

1. d4 Nf6 2. f4 d5 3. Nf3 e6 4. e3 Bb4+ 5. c3 Bd6 6. Bd3 O-O 7. O-O Nc6 8. Nbd2
Re8 9. Qc2 e5 10. fxe5 Nxe5 11. dxe5 Bxe5 12. Nxe5 Rxe5 13. Re1 Bf5 14. e4 dxe4
15. Nxe4 Nxe4 16. Bf4 Rd5 17. Bc4 Rd2 18. Bxd2 Qe8 19. Rad1 Rd8 20. Bd3 Qc6 21.
Rxe4 Bxe4 22. Bxe4 Rxd2 23. Rxd2 Qb6+ 24. Rd4 c5 25. Bxh7+ Kf8 26. b4 cxd4 27.
cxd4 Qxd4+ 28. Kh1 Qa1+ 29. Qb1 Qf6 30. Bd3 a6 31. g3 Qc6+ 32. Be4 Qd6 33. Qe1
b5 34. a3 f6 35. h4 Qe6 36. g4 Qxg4 37. Bc6 Qh3+ 38. Kg1 Qg4+ 39. Bg2 g5 40.
hxg5 fxg5 41. Qe3 Qd1+ 42. Bf1 Qg4+ 43. Kh1 Qh4+ 44. Kg1 Qg4+ 45. Kh1 Qh4+ 46.
Kg1 Qg4+ 1/2-1/2

[Event "Tournoi Skype 031B"]
[Site "Skype"]
[Date "????.??.??"]
[Round "9.1"]
[White "Nicolini, Francesco"]
[Black "Raut, Suryakant"]
[Result "0-1"]
[WhiteElo "1165"]
[BlackElo "1249"]
[PlyCount "54"]

1. e4 c5 2. Nc3 d6 3. Nf3 Nf6 4. d3 g6 5. Bg5 Bg7 6. Qd2 O-O 7. O-O-O Re8 8. h4
h5 9. Be2 Nc6 10. Rdg1 a6 11. Nh2 b5 12. g4 Qa5 13. Bh6 b4 14. Nb1 Qxa2 15.
Bxg7 Kxg7 16. gxh5 Rh8 17. hxg6 fxg6 18. h5 Nxh5 19. Nf1 Kf7 20. b3 Bd7 21.
Bxh5 gxh5 22. Qf4+ Ke8 23. Rxh5 Rf8 24. Qh4 Nd4 25. Ne3 Ne2+ 26. Kd2 Nxg1 27.
Rh7 Nf3+ 0-1

[Event "Tournoi Skype 031B"]
[Site "Skype"]
[Date "????.??.??"]
[Round "9.2"]
[White "Fedeli, Emma"]
[Black "Franco Flores, Ximena"]
[Result "0-1"]
[WhiteElo "1273"]
[BlackElo "1074"]
[PlyCount "56"]

1. e4 c5 2. a3 d6 3. b4 cxb4 4. axb4 Nf6 5. Nc3 e6 6. d4 d5 7. exd5 Bxb4 8. Qf3
Nxd5 9. Bd2 Nxc3 10. Bxc3 Bxc3+ 11. Qxc3 Nc6 12. Bb5 Bd7 13. Nf3 O-O 14. O-O a6
15. Bd3 Ne7 16. Rfe1 Bc6 17. Ng5 Nf5 18. Rxe6 Qxg5 19. Rxc6 bxc6 20. Qxc6 Nh4
21. Qe4 Ng6 22. Re1 a5 23. Re3 a4 24. h4 Qa5 25. h5 Qxh5 26. Rh3 Qd1+ 27. Kh2
Rae8 28. Qf3 Qxf3 0-1

[Event "Tournoi Skype 031B"]
[Site "Skype"]
[Date "????.??.??"]
[Round "9.3"]
[White "Gomez Caballero, Blas"]
[Black "Pirola, Gabriele"]
[Result "0-1"]
[WhiteElo "1215"]
[BlackElo "1196"]
[PlyCount "75"]

1. d4 d5 2. Bf4 Nf6 3. Nc3 c6 4. Qd3 g6 5. O-O-O Bg7 6. Nf3 Bf5 7. Qe3 Ng4 8.
Qd2 Nxf2 9. Rg1 Nxd1 10. Qxd1 O-O 11. Be5 Nd7 12. Bxg7 Kxg7 13. g4 Be4 14. Ng5
e6 15. Ngxe4 dxe4 16. Nxe4 Nf6 17. Nxf6 Qxf6 18. Rg2 Rfd8 19. e3 c5 20. g5 Qe7
21. h4 cxd4 22. exd4 Qd6 23. Rd2 Qf4 24. Kb1 Qxh4 25. Bg2 Qxg5 26. Bxb7 Rab8
27. Bf3 Qb5 28. b3 a5 29. a4 Qxa4 30. d5 exd5 31. Bxd5 Qa3 32. Qf3 Qe7 33. Ka2
Qf6 34. Qe4 Qf5 35. Qd4+ Kg8 36. Qa7 Ra8 37. Bxa8 Rxd2 38. Qxa5 0-1